Statistics for Camouflaged Countries #3

Click here to take the quiz!

General Stats

  • This quiz has been taken 60 times
  • The average score is 8 of 10

Answer Stats

HintCountry% Correct
Not for sleet, hail and rain will this show stopThailand
90%
What makes the antelope male so thoughtful?Lesotho
86%
One more mug and another cup should be enoughUganda
81%
The futile ban on cigarettes has proven most costlyLebanon
79%
The Oxford vs Eton game was a total washoutTonga
76%
How can you liken yams to sweet potatoes?Kenya
71%
Maybe nine years old is not such a bad age to beBenin
69%
The pontiff ran celibacy programs twice a weekFrance
69%
I have never come across so dismal a wineMalawi
67%
As a poet, one must mind one's iambic pentameterIndonesia
62%

Score Distribution

Percentile by Number Answered

Percent of People with Each Score

Your Score History

You have not taken this quiz